000 01092nam a2200301 i 4500
001 000039531
003 DO-SdBNP
005 20250501120733.0
007 ta
008 130705s1958 ag r 000 0 spa d
040 _aDO-SdBNP
_bspa
_cBNPHU
_erda
041 _hspa
082 4 _a972.93053
_bG158e, 1958
_222
100 1 _a Galíndez, Jesús de,
_d1915-1956
_eautor
_983901
245 1 3 _aLa era de trujillo :
_bun estudio casuístico de dictadura hispanoamericana /
_cJesús de Galíndez.
264 _aBuenos Aires :
_bAmericana,
_c1958.
300 _a238 páginas ;
_c21 cm.
336 _ardacontent
_btexto
_2txt
337 _ardamedia
_bsin mediación
_2n
338 _ardacarrier
_bvolumen
_2nc
500 _aIncluye datos biográficos del autor en la contracubierta
500 _aIncluye referencias bibliográficas y notas al pie de las páginas
590 _aInventariado, 2019/BT
650 1 0 _aDemografía
_945443
651 4 _aRepública Dominicana
_xPolítica y gobierno
_yEra de Trujillo, 1930-1961
_91374
910 _aValidado. Control de calidad. MFF
942 _2ddc
_cLBS1
999 _c39021
_d39021